Planeamiento de unidades; un modelo de desarrollo del currículo /

Guardado en:
Autor Principal: Nerbovig, Marcella H.
Formato: Libro
Publicado: Buenos Aires : Guadalupe, 1977
Edición:2a. ed.
Series:Biblioteca Pedagógica
Materias:
Etiquetas: Agregar Etiqueta
Sin Etiquetas, Sea el primero en etiquetar este registro!
LEADER 00843nam a22002055a 4500
001 CEM.cems004638
005 20060217000000.0
008 130507s1977##################000#0#####d
003 CEMS
082 0 4 |a 379.15 
100 1 |a Nerbovig, Marcella H. 
245 1 0 |a Planeamiento de unidades; un modelo de desarrollo del currículo / 
250 |a 2a. ed. 
260 |a Buenos Aires :  |b Guadalupe,  |c 1977 
300 |a 77 p. 
490 0 |a Biblioteca Pedagógica 
505 0 |a 1. Para qu' sirve el pleneamiento de unidades. 2. Qu' es una unidad? 3. Preparaci¢n de los elementos preliminares de una unidad. 4. Preparaci¢n de la unidad 4 : Los detalles. 5.Otros sectores del curriculum. 6.Redacci¢n de una unidad asignada como tarea de clase 
653 |a Curriculum 
653 |a Educacion 
859 |a CEMS  |b BIB. CEMS - 11 de abril  |h 379.15  |i N359a2  |p 7985.80  |t Ej.1